[Event "CECLUB Segunda División"]
[Site "Linares"]
[Date "2017.08.08"]
[Round "1"]
[White "Suarez Garcia, Carlos"]
[Black "Galindo Rodriguez, Francisco"]
[Result "1-0"]
[Board "1"]
[WhiteTitle "IM"]
[WhiteElo "2462"]
[WhiteCountry "ESP"]
[WhiteFideId "22230858"]
[WhiteEloChange "2"]
[BlackElo "2199"]
[BlackCountry "ESP"]
[BlackFideId "2220636"]
[BlackEloChange "-4"]

1. d4 {[%clk 1:30:35]} Nf6 {[%clk 1:30:50]} 2. c4 {[%clk 1:31:00]} e6 {[%clk
1:30:47]} 3. g3 {[%clk 1:31:22]} c5 {[%clk 1:30:15]} 4. Nf3 {[%clk 1:31:24]} cxd4
{[%clk 1:27:19]} 5. Nxd4 {[%clk 1:31:47]} Nc6 {[%clk 1:27:31]} 6. Nc3 {[%clk
1:32:08]} d6 {[%clk 1:25:24]} 7. Bg2 {[%clk 1:31:48]} Bd7 {[%clk 1:21:54]} 8.
Ndb5 {[%clk 1:31:13]} Qb8 {[%clk 1:18:43]} 9. b3 {[%clk 1:17:34]} a6 {[%clk
1:14:56]} 10. Nd4 {[%clk 1:17:47]} Be7 {[%clk 1:12:21]} 11. Bb2 {[%clk 1:16:22]}
O-O {[%clk 1:11:57]} 12. O-O {[%clk 1:16:46]} Rd8 {[%clk 1:09:46]} 13. e3 {[%clk
1:16:53]} Qc7 {[%clk 1:06:08]} 14. Rc1 {[%clk 1:17:13]} Nxd4 {[%clk 0:48:50]} 15.
exd4 {[%clk 1:13:42]} Rac8 {[%clk 0:47:38]} 16. Qd3 {[%clk 1:13:00]} Qb8 {[%clk
0:42:03]} 17. a4 {[%clk 1:11:21]} b5 {[%clk 0:35:35]} 18. cxb5 {[%clk 1:06:01]}
d5 {[%clk 0:27:43]} 19. Rfd1 {[%clk 1:06:23]} axb5 {[%clk 0:27:58]} 20. Nxb5
{[%clk 1:05:29]} Bxb5 {[%clk 0:26:57]} 21. axb5 {[%clk 1:05:41]} Qb7 {[%clk
0:22:12]} 22. Bc3 {[%clk 0:57:22]} Ra8 {[%clk 0:19:32]} 23. Ra1 {[%clk 0:57:14]}
Rdb8 {[%clk 0:15:50]} 24. Ra4 {[%clk 0:55:38]} Ne8 {[%clk 0:14:01]} 25. Rda1
{[%clk 0:55:50]} Nc7 {[%clk 0:13:27]} 26. Bf1 {[%clk 0:55:33]} Bd6 {[%clk
0:12:16]} 27. Ba5 {[%clk 0:52:24]} g6 {[%clk 0:07:47]} 28. h4 {[%clk 0:45:31]}
Kg7 {[%clk 0:07:42]} 29. b6 {[%clk 0:33:48]} Ne8 {[%clk 0:07:30]} 30. Qb5 {[%clk
0:33:30]} Be7 {[%clk 0:06:32]} 31. Rc1 {[%clk 0:22:42]} Nd6 {[%clk 0:06:02]} 32.
Qc6 {[%clk 0:21:41]} Rc8 {[%clk 0:05:52]} 33. Qxb7 {[%clk 0:22:02]} Nxb7 {[%clk
0:06:15]} 34. Rxc8 {[%clk 0:10:17]} Rxc8 {[%clk 0:06:42]} 35. Ba6 {[%clk
0:10:42]} Rb8 {[%clk 0:06:34]} 36. Bxb7 {[%clk 0:11:06]} Rxb7 {[%clk 0:06:43]}
37. Bb4 {[%clk 0:11:34]} Bxb4 {[%clk 0:06:22]} 38. Rxb4 {[%clk 0:11:59]} Kf6
{[%clk 0:06:12]} 39. Kg2 {[%clk 0:12:25]} Ke7 {[%clk 0:05:04]} 40. Kf3 {[%clk
0:12:51]} Kd6 {[%clk 0:05:20]} 41. g4 {[%clk 0:12:59]} h6 {[%clk 0:05:06]} 42. g5
{[%clk 0:13:20]} hxg5 {[%clk 0:05:22]} 43. hxg5 {[%clk 0:13:48]} e5 {[%clk
0:05:32]} 44. Ke3 {[%clk 0:13:35]} e4 {[%clk 0:04:32]} 45. Kf4 {[%clk 0:12:32]}
Ke6 {[%clk 0:04:25]} 46. Rb5 {[%clk 0:12:56]} Kd6 {[%clk 0:04:43]} 47. Ke3 {[%clk
0:11:31]} Kc6 {[%clk 0:03:57]} 48. Rb4 {[%clk 0:11:53]} Kd6 {[%clk 0:04:20]} 49.
Kd2 {[%clk 0:12:17]} Ke6 {[%clk 0:03:21]} 50. Rb5 {[%clk 0:12:40]} f6 {[%clk
0:03:06]} 51. gxf6 {[%clk 0:13:03]} Kxf6 {[%clk 0:03:35]} 52. Kc3 {[%clk
0:11:37]} Ke6 {[%clk 0:01:56]} 53. Kb4 {[%clk 0:12:02]} Rb8 {[%clk 0:01:31]} 54.
b7 {[%clk 0:11:52]} Kd6 {[%clk 0:01:47]} 55. Rb6+ {[%clk 0:12:17]} Kc7 {[%clk
0:02:03]} 56. Kc5 {[%clk 0:12:38]} Rd8 {[%clk 0:01:28]} 57. b8Q+ {[%clk 0:12:34]}
1-0

[Event "CECLUB Segunda División"]
[Site "Linares"]
[Date "2017.08.08"]
[Round "1"]
[White "Ortiz Aviles, Javier"]
[Black "Aguera Naredo, Javier"]
[Result "0-1"]
[Board "2"]
[WhiteElo "2138"]
[WhiteCountry "ESP"]
[WhiteFideId "22202870"]
[WhiteEloChange "-4"]
[BlackTitle "FM"]
[BlackElo "2386"]
[BlackCountry "ESP"]
[BlackFideId "2204169"]
[BlackEloChange "4"]

1. d4 {[%clk 1:30:55]} Nf6 {[%clk 1:30:49]} 2. Nf3 {[%clk 1:31:22]} g6 {[%clk
1:30:49]} 3. Bf4 {[%clk 1:31:43]} Bg7 {[%clk 1:31:04]} 4. e3 {[%clk 1:32:12]} O-O
{[%clk 1:31:00]} 5. Be2 {[%clk 1:32:38]} d6 {[%clk 1:30:46]} 6. h3 {[%clk
1:33:00]} c5 {[%clk 1:30:44]} 7. O-O {[%clk 1:20:38]} Qb6 {[%clk 1:28:35]} 8.
Nbd2 {[%clk 1:20:30]} Be6 {[%clk 1:27:19]} 9. Ng5 {[%clk 1:17:02]} Bd7 {[%clk
1:26:16]} 10. Nc4 {[%clk 1:16:16]} Qc7 {[%clk 1:26:24]} 11. c3 {[%clk 1:15:15]}
h6 {[%clk 1:25:12]} 12. Nf3 {[%clk 1:15:11]} Be6 {[%clk 1:24:47]} 13. Rc1 {[%clk
0:51:13]} Nbd7 {[%clk 1:20:44]} 14. e4 {[%clk 0:37:47]} Bxc4 {[%clk 1:05:32]} 15.
Bxc4 {[%clk 0:38:11]} e5 {[%clk 1:05:49]} 16. dxe5 {[%clk 0:28:14]} dxe5 {[%clk
1:04:40]} 17. Bh2 {[%clk 0:28:31]} Nxe4 {[%clk 1:03:17]} 18. Qc2 {[%clk 0:24:30]}
Nd6 {[%clk 1:02:26]} 19. Bd5 {[%clk 0:24:54]} Nb6 {[%clk 0:54:27]} 20. Rcd1
{[%clk 0:24:16]} Rae8 {[%clk 0:52:17]} 21. Nxe5 {[%clk 0:14:06]} Rxe5 {[%clk
0:50:03]} 22. Bxe5 {[%clk 0:14:34]} Bxe5 {[%clk 0:50:24]} 23. Qxg6+ {[%clk
0:14:57]} Bg7 {[%clk 0:50:48]} 24. Qxd6 {[%clk 0:15:23]} Qxd6 {[%clk 0:51:13]}
25. Bxf7+ {[%clk 0:15:48]} Rxf7 {[%clk 0:51:11]} 26. Rxd6 {[%clk 0:16:11]} Re7
{[%clk 0:48:31]} 27. Rfd1 {[%clk 0:13:06]} Kf7 {[%clk 0:48:27]} 28. R6d3 {[%clk
0:12:11]} Na4 {[%clk 0:45:55]} 29. R1d2 {[%clk 0:09:41]} c4 {[%clk 0:43:43]} 30.
Rd7 {[%clk 0:08:53]} b5 {[%clk 0:39:45]} 31. Rxe7+ {[%clk 0:01:39]} Kxe7 {[%clk
0:40:09]} 32. Rc2 {[%clk 0:01:48]} b4 {[%clk 0:39:13]} 33. cxb4 {[%clk 0:00:45]}
Nxb2 {[%clk 0:39:37]} 34. Kf1 {[%clk 0:00:47]} c3 {[%clk 0:39:14]} 35. Ke2 {[%clk
0:00:54]} Kd6 {[%clk 0:39:11]} 36. f4 {[%clk 0:00:43]} Kd5 {[%clk 0:39:07]} 37.
Ke3 {[%clk 0:00:45]} Bd4+ {[%clk 0:39:09]} 38. Kf3 {[%clk 0:00:59]} Nc4 {[%clk
0:39:17]} 39. g4 {[%clk 0:00:59]} Na3 {[%clk 0:39:23]} 40. Rc1 {[%clk 0:00:53]}
c2 {[%clk 0:39:23]} 41. g5 {[%clk 0:00:44]} hxg5 {[%clk 0:39:16]} 42. fxg5 {[%clk
0:00:59]} Bb2 {[%clk 0:39:23]} 43. g6 {[%clk 0:01:11]} Ke6 {[%clk 0:39:45]} 44.
Re1+ {[%clk 0:00:34]} Kf6 {[%clk 0:40:05]} 45. Ke4 {[%clk 0:00:32]} c1Q {[%clk
0:40:12]} 46. Rxc1 {[%clk 0:00:55]} Bxc1 {[%clk 0:40:38]} 47. Kd4 {[%clk
0:01:01]} Bd2 {[%clk 0:40:00]} 48. Kc5 {[%clk 0:01:11]} Kxg6 {[%clk 0:40:22]} 49.
b5 {[%clk 0:01:11]} Ba5 {[%clk 0:40:41]} 50. Kc6 {[%clk 0:00:40]} Bb6 {[%clk
0:41:03]} 0-1

[Event "CECLUB Segunda División"]
[Site "Linares"]
[Date "2017.08.08"]
[Round "1"]
[White "Alvarez Fernandez, Enrique"]
[Black "Arboledas Fernandez, Antonio A."]
[Result "0-1"]
[Board "3"]
[WhiteTitle "FM"]
[WhiteElo "2310"]
[WhiteCountry "ESP"]
[WhiteFideId "2227398"]
[WhiteEloChange "-15"]
[BlackElo "2104"]
[BlackCountry "ESP"]
[BlackFideId "2290219"]
[BlackEloChange "15"]

1. d4 {[%clk 1:30:53]} e6 {[%clk 1:29:49]} 2. Nf3 {[%clk 1:30:21]} d5 {[%clk
1:28:31]} 3. Bf4 {[%clk 1:30:27]} Bd6 {[%clk 1:25:56]} 4. Bg3 {[%clk 1:30:27]} f5
{[%clk 1:24:49]} 5. e3 {[%clk 1:29:05]} Nf6 {[%clk 1:25:02]} 6. c4 {[%clk
1:27:19]} c6 {[%clk 1:24:34]} 7. Nc3 {[%clk 1:26:06]} O-O {[%clk 1:23:33]} 8. Bd3
{[%clk 1:24:25]} Ne4 {[%clk 1:21:29]} 9. Bxe4 {[%clk 1:23:46]} fxe4 {[%clk
1:19:36]} 10. Ne5 {[%clk 1:23:04]} Bxe5 {[%clk 1:13:25]} 11. Bxe5 {[%clk
1:21:47]} Nd7 {[%clk 1:13:40]} 12. Bd6 {[%clk 1:13:20]} Rf7 {[%clk 1:13:44]} 13.
b3 {[%clk 1:05:43]} b5 {[%clk 1:10:21]} 14. cxb5 {[%clk 1:01:40]} cxb5 {[%clk
1:10:26]} 15. O-O {[%clk 1:00:31]} Qb6 {[%clk 1:08:44]} 16. Bg3 {[%clk 0:59:23]}
Ba6 {[%clk 1:04:56]} 17. Qd2 {[%clk 0:54:49]} Rc8 {[%clk 1:01:38]} 18. Rfc1
{[%clk 0:51:56]} Rff8 {[%clk 0:58:09]} 19. Nd1 {[%clk 0:48:39]} h6 {[%clk
0:51:24]} 20. h3 {[%clk 0:43:32]} Bb7 {[%clk 0:43:20]} 21. Qb4 {[%clk 0:36:53]}
Kf7 {[%clk 0:38:41]} 22. Nc3 {[%clk 0:35:13]} Bc6 {[%clk 0:34:37]} 23. Ne2 {[%clk
0:33:09]} Bb7 {[%clk 0:30:54]} 24. Bh4 {[%clk 0:31:36]} g5 {[%clk 0:27:47]} 25.
Bg3 {[%clk 0:32:02]} a5 {[%clk 0:27:30]} 26. Qd2 {[%clk 0:31:35]} b4 {[%clk
0:26:32]} 27. Rxc8 {[%clk 0:29:31]} Rxc8 {[%clk 0:26:50]} 28. Rc1 {[%clk
0:29:55]} Rxc1+ {[%clk 0:25:00]} 29. Nxc1 {[%clk 0:25:55]} Qc6 {[%clk 0:23:55]}
30. Qb2 {[%clk 0:25:19]} Ba6 {[%clk 0:23:49]} 31. a3 {[%clk 0:24:42]} bxa3 {[%clk
0:14:31]} 32. Qxa3 {[%clk 0:25:03]} h5 {[%clk 0:14:31]} 33. Na2 {[%clk 0:24:09]}
h4 {[%clk 0:13:18]} 34. Bd6 {[%clk 0:19:47]} Qb5 {[%clk 0:12:37]} 35. Kh2 {[%clk
0:18:10]} Qe2 {[%clk 0:03:49]} 36. Qxa5 {[%clk 0:17:29]} Nf6 {[%clk 0:02:13]} 37.
Be5 {[%clk 0:08:32]} Qxf2 {[%clk 0:00:59]} 38. Qd8 {[%clk 0:02:56]} g4 {[%clk
0:00:42]} 39. Qxf6+ {[%clk 0:01:38]} Qxf6 {[%clk 0:01:09]} 40. Bxf6 {[%clk
0:02:02]} g3+ {[%clk 0:01:38]} 41. Kg1 {[%clk 0:02:20]} Kxf6 {[%clk 0:02:07]} 42.
Nc3 {[%clk 0:02:08]} Bd3 {[%clk 0:01:56]} 43. b4 {[%clk 0:01:45]} Ke7 {[%clk
0:02:03]} 44. Na4 {[%clk 0:01:33]} Be2 {[%clk 0:01:47]} 45. Nc5 {[%clk 0:01:10]}
Bc4 {[%clk 0:01:59]} 46. Na4 {[%clk 0:00:59]} e5 {[%clk 0:01:54]} 47. dxe5 {[%clk
0:00:59]} Ke6 {[%clk 0:01:58]} 48. Nc5+ {[%clk 0:01:08]} Kxe5 {[%clk 0:02:14]}
49. Nd7+ {[%clk 0:01:33]} Kd6 {[%clk 0:01:49]} 50. Nf6 {[%clk 0:01:44]} Bd3
{[%clk 0:01:56]} 51. Ng4 {[%clk 0:01:51]} Bc4 {[%clk 0:01:34]} 52. Nh6 {[%clk
0:01:54]} Ke6 {[%clk 0:01:38]} 53. Ng4 {[%clk 0:01:57]} Be2 {[%clk 0:01:20]} 54.
Nh6 {[%clk 0:02:00]} d4 {[%clk 0:01:13]} 55. exd4 {[%clk 0:01:56]} e3 {[%clk
0:00:59]} 56. d5+ {[%clk 0:02:07]} Ke5 {[%clk 0:00:53]} 57. d6 {[%clk 0:02:22]}
Bb5 {[%clk 0:01:05]} 58. Nf7+ {[%clk 0:01:15]} Kf4 {[%clk 0:01:09]} 0-1

[Event "CECLUB Segunda División"]
[Site "Linares"]
[Date "2017.08.08"]
[Round "1"]
[White "Redondo Benavente, Ana"]
[Black "Arias Torio, Sergio"]
[Result "1-0"]
[Board "4"]
[WhiteTitle "WFM"]
[WhiteElo "2022"]
[WhiteCountry "ESP"]
[WhiteFideId "32021674"]
[WhiteEloChange "12"]
[BlackElo "2109"]
[BlackCountry "ESP"]
[BlackFideId "2226472"]
[BlackEloChange "-12"]

1. e4 {[%clk 1:30:58]} d6 {[%clk 1:30:27]} 2. d4 {[%clk 1:31:09]} Nf6 {[%clk
1:30:51]} 3. Nc3 {[%clk 1:31:34]} g6 {[%clk 1:31:08]} 4. Bg5 {[%clk 1:31:21]} Bg7
{[%clk 1:30:26]} 5. e5 {[%clk 1:30:48]} Nfd7 {[%clk 1:28:19]} 6. exd6 {[%clk
1:29:08]} cxd6 {[%clk 1:28:37]} 7. Qd2 {[%clk 1:28:56]} h6 {[%clk 1:16:36]} 8.
Be3 {[%clk 1:25:50]} Qa5 {[%clk 1:13:35]} 9. O-O-O {[%clk 1:23:41]} d5 {[%clk
1:12:06]} 10. Kb1 {[%clk 1:23:30]} Nc6 {[%clk 1:11:39]} 11. h4 {[%clk 1:16:40]}
Nf6 {[%clk 1:10:23]} 12. f3 {[%clk 1:15:21]} Bd7 {[%clk 0:51:37]} 13. Nge2 {[%clk
1:12:47]} Rc8 {[%clk 0:43:31]} 14. Nf4 {[%clk 1:00:36]} e6 {[%clk 0:23:53]} 15.
g4 {[%clk 0:42:18]} Ng8 {[%clk 0:17:18]} 16. Nb5 {[%clk 0:30:44]} Qxd2 {[%clk
0:16:21]} 17. Nd6+ {[%clk 0:29:50]} Kf8 {[%clk 0:15:23]} 18. Rxd2 {[%clk
0:30:04]} Rb8 {[%clk 0:12:29]} 19. c4 {[%clk 0:26:29]} dxc4 {[%clk 0:07:01]} 20.
Bxc4 {[%clk 0:25:16]} Na5 {[%clk 0:07:05]} 21. Be2 {[%clk 0:17:30]} Ne7 {[%clk
0:07:04]} 22. d5 {[%clk 0:17:05]} e5 {[%clk 0:06:08]} 23. Ng2 {[%clk 0:14:48]} b6
{[%clk 0:03:35]} 24. Ba6 {[%clk 0:13:38]} Nc8 {[%clk 0:03:29]} 25. Nxc8 {[%clk
0:11:18]} Bxc8 {[%clk 0:03:57]} 26. Bxc8 {[%clk 0:11:23]} Rxc8 {[%clk 0:04:25]}
27. Rd3 {[%clk 0:07:37]} Ke7 {[%clk 0:04:40]} 28. Bd2 {[%clk 0:07:32]} Nc4 {[%clk
0:04:45]} 29. Bb4+ {[%clk 0:07:58]} Kd7 {[%clk 0:04:23]} 30. b3 {[%clk 0:08:05]}
Nd6 {[%clk 0:04:32]} 31. Bxd6 {[%clk 0:06:53]} Kxd6 {[%clk 0:05:01]} 32. Ne3
{[%clk 0:07:23]} b5 {[%clk 0:05:03]} 33. b4 {[%clk 0:03:55]} Rc7 {[%clk 0:04:31]}
34. Ra3 {[%clk 0:04:10]} Rhc8 {[%clk 0:03:38]} 35. Ra6+ {[%clk 0:04:06]} Kd7
{[%clk 0:03:57]} 36. Rd1 {[%clk 0:04:08]} Bf8 {[%clk 0:03:36]} 37. d6 {[%clk
0:03:57]} Rb7 {[%clk 0:03:55]} 38. Nd5 {[%clk 0:04:03]} Bg7 {[%clk 0:03:11]} 39.
Nc7 {[%clk 0:04:11]} Bf6 {[%clk 0:02:12]} 40. Rd5 {[%clk 0:04:08]} Rcb8 {[%clk
0:02:18]} 41. Ra5 {[%clk 0:00:56]} Bxh4 {[%clk 0:02:09]} 42. Na6 {[%clk 0:01:11]}
Bf2 {[%clk 0:01:26]} 43. Nxb8+ {[%clk 0:01:31]} Rxb8 {[%clk 0:01:26]} 44. Rxe5
{[%clk 0:01:37]} Bb6 {[%clk 0:01:33]} 45. Raxb5 {[%clk 0:02:00]} Kxd6 {[%clk
0:01:33]} 46. Rbd5+ {[%clk 0:02:25]} 1-0

[Event "CECLUB Segunda División"]
[Site "Linares"]
[Date "2017.08.08"]
[Round "1"]
[White "Gavilan Diaz, Mario"]
[Black "Montoliu Cervero, Francisco"]
[Result "0-1"]
[Board "1"]
[WhiteTitle "FM"]
[WhiteElo "2276"]
[WhiteCountry "ESP"]
[WhiteFideId "2260905"]
[WhiteEloChange "-7"]
[BlackTitle "FM"]
[BlackElo "2384"]
[BlackCountry "ESP"]
[BlackFideId "2214814"]
[BlackEloChange "7"]

1. e4 {[%clk 1:30:54]} c5 {[%clk 1:30:36]} 2. Nf3 {[%clk 1:30:52]} d6 {[%clk
1:30:38]} 3. d4 {[%clk 1:30:52]} cxd4 {[%clk 1:31:01]} 4. Nxd4 {[%clk 1:30:55]}
Nf6 {[%clk 1:31:18]} 5. Nc3 {[%clk 1:31:12]} g6 {[%clk 1:31:22]} 6. Be3 {[%clk
1:30:13]} Bg7 {[%clk 1:31:32]} 7. f3 {[%clk 1:29:52]} Nc6 {[%clk 1:30:59]} 8. Bc4
{[%clk 1:28:55]} O-O {[%clk 1:31:01]} 9. Bb3 {[%clk 1:27:48]} Bd7 {[%clk
1:29:07]} 10. h4 {[%clk 1:27:22]} Qa5 {[%clk 1:22:39]} 11. Qd2 {[%clk 1:22:27]}
Rac8 {[%clk 0:53:21]} 12. O-O-O {[%clk 1:17:12]} Ne5 {[%clk 0:45:54]} 13. Kb1
{[%clk 1:15:37]} Nc4 {[%clk 0:43:45]} 14. Bxc4 {[%clk 1:05:30]} Rxc4 {[%clk
0:44:04]} 15. h5 {[%clk 0:55:43]} Rfc8 {[%clk 0:23:25]} 16. hxg6 {[%clk 0:54:40]}
fxg6 {[%clk 0:23:32]} 17. g4 {[%clk 0:32:07]} Rxc3 {[%clk 0:09:55]} 18. bxc3
{[%clk 0:30:56]} Bxg4 {[%clk 0:08:57]} 19. Nb3 {[%clk 0:27:22]} Qb5 {[%clk
0:05:16]} 20. e5 {[%clk 0:16:08]} Nd5 {[%clk 0:02:47]} 21. Qxd5+ {[%clk 0:02:31]}
Qxd5 {[%clk 0:03:00]} 22. Rxd5 {[%clk 0:02:56]} Bxf3 {[%clk 0:03:25]} 23. Rdd1
{[%clk 0:01:39]} Bxd1 {[%clk 0:02:42]} 24. Rxd1 {[%clk 0:01:58]} Bxe5 {[%clk
0:03:10]} 25. Bd4 {[%clk 0:02:08]} Bf4 {[%clk 0:03:26]} 26. Bxa7 {[%clk 0:01:36]}
h5 {[%clk 0:02:05]} 27. Nd4 {[%clk 0:02:01]} Kf7 {[%clk 0:01:55]} 28. Ne2 {[%clk
0:01:37]} Be5 {[%clk 0:01:34]} 29. Bd4 {[%clk 0:01:53]} h4 {[%clk 0:01:31]} 30.
Rf1+ {[%clk 0:01:37]} Ke6 {[%clk 0:01:39]} 31. Nf4+ {[%clk 0:01:04]} Bxf4 {[%clk
0:02:08]} 32. Rxf4 {[%clk 0:01:33]} g5 {[%clk 0:02:30]} 33. Re4+ {[%clk 0:01:24]}
Kf7 {[%clk 0:02:58]} 34. Kb2 {[%clk 0:00:50]} e5 {[%clk 0:02:50]} 35. Bf2 {[%clk
0:00:47]} h3 {[%clk 0:02:12]} 36. Bg3 {[%clk 0:01:04]} Ke6 {[%clk 0:02:24]} 37.
Kb3 {[%clk 0:00:48]} Rf8 {[%clk 0:02:24]} 38. Re1 {[%clk 0:00:40]} Rf3 {[%clk
0:02:43]} 39. Rg1 {[%clk 0:01:02]} g4 {[%clk 0:01:49]} 40. Bh2 {[%clk 0:00:48]}
Kf5 {[%clk 0:02:07]} 41. Kc4 {[%clk 0:01:00]} Rf2 {[%clk 0:02:11]} 42. Bg3 {[%clk
0:01:18]} Rxc2 {[%clk 0:02:23]} 43. Kd5 {[%clk 0:01:11]} Rd2+ {[%clk 0:02:48]}
44. Kc4 {[%clk 0:01:34]} Rxa2 {[%clk 0:03:11]} 0-1

[Event "CECLUB Segunda División"]
[Site "Linares"]
[Date "2017.08.08"]
[Round "1"]
[White "Silva Rodriguez, Julio Jose"]
[Black "Garcia Rodriguez, Victor"]
[Result "1-0"]
[Board "2"]
[WhiteElo "2330"]
[WhiteCountry "ESP"]
[WhiteFideId "2215284"]
[WhiteEloChange "5"]
[BlackElo "2129"]
[BlackCountry "ESP"]
[BlackFideId "2258706"]
[BlackEloChange "-5"]

1. e4 {[%clk 1:30:56]} e5 {[%clk 1:30:53]} 2. Nf3 {[%clk 1:31:18]} Nc6 {[%clk
1:31:17]} 3. d4 {[%clk 1:31:40]} exd4 {[%clk 1:31:38]} 4. Nxd4 {[%clk 1:31:57]}
Bc5 {[%clk 1:31:23]} 5. Nxc6 {[%clk 1:31:16]} Qf6 {[%clk 1:30:29]} 6. Qf3 {[%clk
1:31:31]} bxc6 {[%clk 1:27:06]} 7. Nc3 {[%clk 1:30:45]} Bb7 {[%clk 1:25:05]} 8.
Qg3 {[%clk 1:28:37]} Ne7 {[%clk 1:19:25]} 9. f3 {[%clk 1:15:19]} O-O-O {[%clk
1:14:13]} 10. Bd2 {[%clk 1:01:23]} h5 {[%clk 0:56:12]} 11. h4 {[%clk 0:51:23]}
Qg6 {[%clk 0:50:30]} 12. Qh3 {[%clk 0:47:43]} f6 {[%clk 0:46:28]} 13. O-O-O
{[%clk 0:44:00]} Kb8 {[%clk 0:44:54]} 14. Bc4 {[%clk 0:35:24]} Nc8 {[%clk
0:42:34]} 15. Na4 {[%clk 0:31:36]} Be7 {[%clk 0:38:43]} 16. Rhe1 {[%clk 0:28:21]}
Nb6 {[%clk 0:34:16]} 17. Bb3 {[%clk 0:27:02]} c5 {[%clk 0:26:59]} 18. c4 {[%clk
0:24:03]} Nxa4 {[%clk 0:21:47]} 19. Bxa4 {[%clk 0:24:27]} Qf7 {[%clk 0:21:33]}
20. b3 {[%clk 0:21:31]} Bc8 {[%clk 0:19:24]} 21. Qg3 {[%clk 0:21:20]} g5 {[%clk
0:14:43]} 22. hxg5 {[%clk 0:19:23]} fxg5 {[%clk 0:13:33]} 23. e5 {[%clk 0:19:17]}
h4 {[%clk 0:08:03]} 24. Qf2 {[%clk 0:17:48]} d6 {[%clk 0:07:43]} 25. Bc6 {[%clk
0:16:31]} dxe5 {[%clk 0:07:09]} 26. Rxe5 {[%clk 0:15:08]} Qf6 {[%clk 0:06:42]}
27. Rde1 {[%clk 0:13:11]} Bd6 {[%clk 0:05:53]} 28. Bxg5 {[%clk 0:11:39]} Qg7
{[%clk 0:04:52]} 29. f4 {[%clk 0:08:02]} Rdf8 {[%clk 0:02:27]} 30. Qd2 {[%clk
0:07:15]} Bxe5 {[%clk 0:01:54]} 31. Rxe5 {[%clk 0:07:38]} Rf5 {[%clk 0:02:08]}
32. Qa5 {[%clk 0:06:26]} a6 {[%clk 0:02:00]} 33. Re7 {[%clk 0:06:28]} Qa1+ {[%clk
0:00:44]} 34. Kc2 {[%clk 0:06:51]} 1-0

[Event "CECLUB Segunda División"]
[Site "Linares"]
[Date "2017.08.08"]
[Round "1"]
[White "Jimenez Capilla, Martin R."]
[Black "Nieves Cabanes, Jose Manuel"]
[Result "0-1"]
[Board "3"]
[WhiteElo "2074"]
[WhiteCountry "ESP"]
[WhiteFideId "2287471"]
[WhiteEloChange "-4"]
[BlackTitle "FM"]
[BlackElo "2309"]
[BlackCountry "ESP"]
[BlackFideId "22245715"]
[BlackEloChange "4"]

1. e4 {[%clk 1:30:30]} e5 {[%clk 1:30:30]} 2. Nf3 {[%clk 1:30:30]} Nc6 {[%clk
1:30:30]} 3. Bb5 {[%clk 1:30:30]} a6 {[%clk 1:30:30]} 4. Bxc6 {[%clk 1:30:30]}
dxc6 {[%clk 1:30:30]} 5. h3 {[%clk 1:30:30]} Nf6 {[%clk 1:30:30]} 6. O-O {[%clk
1:30:30]} Bd6 {[%clk 1:30:30]} 7. d4 {[%clk 1:30:30]} Qe7 {[%clk 1:30:30]} 8. Re1
{[%clk 1:30:30]} Nd7 {[%clk 1:30:30]} 9. b3 {[%clk 1:30:30]} c5 {[%clk 1:30:30]}
10. c3 {[%clk 1:30:30]} cxd4 {[%clk 1:30:30]} 11. cxd4 {[%clk 1:30:30]} O-O
{[%clk 1:30:30]} 12. Bb2 {[%clk 1:30:30]} c5 {[%clk 1:30:30]} 13. dxc5 {[%clk
1:30:30]} Bxc5 {[%clk 1:30:30]} 14. Nc3 {[%clk 1:30:30]} f6 {[%clk 1:30:30]} 15.
Nd5 {[%clk 1:30:30]} Qf7 {[%clk 1:30:30]} 16. Rc1 {[%clk 1:30:30]} b5 {[%clk
1:30:30]} 17. b4 {[%clk 1:30:30]} Ba7 {[%clk 1:30:30]} 18. a4 {[%clk 1:30:30]}
bxa4 {[%clk 1:30:30]} 19. Qxa4 {[%clk 1:30:30]} Nb6 {[%clk 1:30:30]} 20. Nxb6
{[%clk 1:30:30]} Bxb6 {[%clk 1:30:30]} 21. Qc6 {[%clk 1:30:30]} Qa7 {[%clk
1:30:30]} 22. Re2 {[%clk 1:30:30]} Bd7 {[%clk 1:30:30]} 23. Qd5+ {[%clk 1:30:30]}
Kh8 {[%clk 1:30:30]} 24. Rd2 {[%clk 1:30:30]} Bb5 {[%clk 1:30:30]} 25. Rcd1
{[%clk 1:30:30]} Ba4 {[%clk 1:30:30]} 26. Ra1 {[%clk 1:30:30]} Rad8 {[%clk
1:30:30]} 27. Qe6 {[%clk 1:30:30]} Rxd2 {[%clk 1:30:30]} 28. Nxd2 {[%clk
1:30:30]} Bxf2+ {[%clk 1:30:30]} 29. Kh1 {[%clk 1:30:30]} Bb5 {[%clk 1:30:30]}
30. Nc4 {[%clk 1:30:30]} Re8 {[%clk 1:30:30]} 31. Qd5 {[%clk 1:30:30]} Qa8 {[%clk
1:30:30]} 32. Nd6 {[%clk 1:30:30]} Qxd5 {[%clk 1:30:30]} 33. exd5 {[%clk
1:30:30]} Rb8 {[%clk 1:30:30]} 34. g4 {[%clk 1:30:30]} Bd3 {[%clk 1:30:30]} 35.
Kg2 {[%clk 1:30:30]} Bb6 {[%clk 1:30:30]} 36. Rd1 {[%clk 1:30:30]} e4 {[%clk
1:30:30]} 37. Re1 {[%clk 1:30:30]} e3 {[%clk 1:30:30]} 38. Bc1 {[%clk 1:30:30]}
e2 {[%clk 1:30:30]} 39. Bf4 {[%clk 1:30:30]} Rf8 {[%clk 1:30:30]} 40. Kf3 {[%clk
1:30:30]} Bd4 {[%clk 1:30:30]} 41. Bd2 {[%clk 1:30:30]} g6 {[%clk 1:30:30]} 42.
Rc1 {[%clk 1:30:30]} Kg8 {[%clk 1:30:30]} 43. Rc6 {[%clk 1:30:30]} Rd8 {[%clk
1:30:30]} 44. Ne4 {[%clk 1:30:30]} Re8 {[%clk 1:30:30]} 45. Re6 {[%clk 1:30:30]}
Rxe6 {[%clk 1:30:30]} 46. dxe6 {[%clk 1:30:30]} Bxe4+ {[%clk 1:30:30]} 47. Kxe4
{[%clk 1:30:30]} Bf2 {[%clk 1:30:30]} 0-1